000 00592nam a2200241Ia 4500
003 OSt
005 20220924133523.0
006 a|||||r|||| 00| 0
007 ta
008 220923b |||||||| |||| 00| 0 guj d
024 _a266515
037 _cTextual
040 _aARTS
_cARTS
_bguj
041 _2guj
_aguj
082 _aO156,6:g, L8
100 _aPatel Pramodkumar
_9206704
245 0 _aShabdaloka
260 _c1978
300 _a245p.
_ccm.
650 _aGUJRATI LITERATURE
942 _hO156,6:g, L8
_cTEXL
_2CC
999 _c434150
_d434150